Psychodiagnostika a poradenství /

Hlavní autor: Kučírek, Jiří, 1948-
Korporativní autor: Univerzita Hradec Králové. Ústav sociální práce
Jazyk: Čeština
Vydáno: Hradec Králové : Gaudeamus, 2014
Vydání: Vydání: první
Edice: Texty k sociální práci. Vybrané kapitoly z teorií a metod sociální práce
Témata:
Externí odkaz: Digitalizovaný dokument
Fyzický popis: 1 CD-ROM (104 stran) ; 12 cm
Knihy
Uloženo v:
LEADER 01853nam a2200481 i 4500
001 001510338
003 CZ BrMZK
005 20171102131800.0
006 m d
007 co cg
008 160210s2014 xr eq 001 0 cze
020 |a 978-80-7435-447-2  |q (CDR) 
040 |a BOA001  |b cze  |e rda 
072 7 |a 159.9  |x Psychologie  |2 Konspekt  |9 17 
072 7 |a 37.016  |x Učební osnovy. Vyučovací předměty. Učebnice  |2 Konspekt  |9 22 
080 |a 159.9.072.5  |2 MRF 
080 |a 659.2  |2 MRF 
080 |a (075.8)  |2 MRF 
080 |a (0.034.44)  |2 MRF 
100 1 |a Kučírek, Jiří,  |d 1948-  |7 ola2002158153  |4 aut 
245 1 0 |a Psychodiagnostika a poradenství /  |c Jiří Kučírek 
250 |a Vydání: první 
264 1 |a Hradec Králové :  |b Gaudeamus,  |c 2014 
300 |a 1 CD-ROM (104 stran) ;  |c 12 cm 
336 |a text  |b txt  |2 rdacontent 
337 |a počítač  |b c  |2 rdamedia 
338 |a počítačový disk  |b cd  |2 rdacarrier 
347 |a textový soubor  |b PDF  |2 rda 
490 1 |a Texty k sociální práci. Vybrané kapitoly z teorií a metod sociální práce 
500 |a Název z disku 
500 |a Nad názvem: ÚSP UHK 
500 |a 200 výtisků 
504 |a Obsahuje bibliografii, bibliografické odkazy a rejstřík 
650 0 7 |a psychodiagnostika  |7 ph115947  |2 czenas 
650 0 7 |a poradenství  |7 ph124359  |2 czenas 
655 7 |a učebnice vysokých škol  |7 fd133772  |2 czenas 
655 7 |a CD-ROM  |2 czenas 
710 2 |a Univerzita Hradec Králové.  |b Ústav sociální práce  |7 olak2011625902  |4 isb 
810 2 |a Univerzita Hradec Králové.  |t Texty k sociální práci.  |p Vybrané kapitoly z teorií a metod sociální práce  |0 s 
856 4 1 |u http://www.digitalniknihovna.cz/mzk/view/uuid:703589ea-bf37-4389-8e6d-03fd2f52b8d7  |y Digitalizovaný dokument 
910 |a BOA001  |b CDR-1363.005 
990 |a BK 
991 |b 201605  |c NOV